| 000 | 01642pam a2200505 cc4500 | ||
|---|---|---|---|
| 001 | 1060334720 | ||
| 003 | DE-101 | ||
| 005 | 20250610113441.0 | ||
| 007 | tu | ||
| 008 | 141103s2015 gw ||||| |||| 00||||gero | ||
| 015 |
_a15,A40 _z14,N46 _2dnb |
||
| 016 | 7 |
_2DE-101 _a1060334720 |
|
| 020 |
_a9783770486069 _ckart. : EUR 7.50 (DE), EUR 7.80 (AT), sfr 11.50 (freier Pr.) |
||
| 035 | _a(DE-599)DNB1060334720 | ||
| 035 | _a(OCoLC)1184717233 | ||
| 035 | _a(OCoLC)895308486 | ||
| 040 |
_a1145 _bger _cDE-101 _d9999 |
||
| 041 |
_ager _hjpn |
||
| 044 | _cXA-DE-NW | ||
| 082 | 7 | 4 |
_a741.5 _qDE-101 _223sdnb |
| 245 | 0 | 0 |
_aAjin _n2. _c[story:] Tsuina Miura. [Manga:] Gamon Sakurai. [Aus dem Japan. von Claudia Peter] |
| 250 | _a1. Aufl. | ||
| 264 | 3 | 1 |
_aKöln _bEgmont-Verl.-Ges. _c2015 |
| 300 |
_a[192] S. _büberw. Ill. |
||
| 336 |
_aunbewegtes Bild _bsti _2rdacontent |
||
| 337 |
_aohne Hilfsmittel zu benutzen _bn _2rdamedia |
||
| 338 |
_aBand _bnc _2rdacarrier |
||
| 653 | _a(Produktform)Paperback / softback | ||
| 653 | _a(Zielgruppe)ab 16 Jahre | ||
| 653 | _a(Lesealter)ab 16 Jahre bis 99 Jahre | ||
| 653 | _aAttack on Titan | ||
| 653 | _aunsterblich | ||
| 653 | _aExperimente | ||
| 653 | _aMotorrad | ||
| 653 | _aMumie | ||
| 653 | _aManga | ||
| 653 | _aGeist | ||
| 653 | _aAnime | ||
| 653 | _aAkira | ||
| 653 | _a(VLB-WN)2182: Taschenbuch / Belletristik/Comic, Cartoon, Humor, Satire/Manga, Manhwa | ||
| 773 | 0 | 8 |
_q12 _w(DE-101)1072586290 |
| 856 | 4 | 2 |
_mX:MVB _qtext/html _uhttp://deposit.dnb.de/cgi-bin/dokserv?id=4814095&prov=M&dok_var=1&dok_ext=htm _3Inhaltstext |
| 942 |
_2ddc _cMGA _n0 |
||
| 999 |
_c1300 _d1300 |
||